[Event "CHN-ch sf (Women)"]
[White "Zhou, Xinyi"]
[Black "Sun, Jihan"]
[Site "Hefei"]
[Round "2"]
[Result "0-1"]
[Date "2023.04.23"]
[WhiteElo "1518"]
[BlackElo "1870"]
[PlyCount "80"]
[EventDate "2023.04.23"]
[EventType "swiss"]
[EventRounds "11"]
[EventCountry "CHN"]
[SourceTitle "CBM 214 Extra"]
[Source "ChessBase"]
[SourceDate "2023.07.31"]
[SourceVersion "1"]
[SourceVersionDate "2023.07.31"]
[SourceQuality "1"]

1. Nf3 d5 2. g3 Nf6 3. Bg2 c6 4. d4 Bf5 5. 0-0 Nbd7 6. c4 e6 7. Qb3 Qb6 8. c5 Qxb3 9. axb3 Be7 10. Nc3 0-0 11. b4 a6 12. Bf4 Ne4 13. Ne5 Nxe5 14. Bxe4 Bxe4 15. Bxe5 Bg6 16. f3 f6 17. Bf4 Rad8 18. Rfe1 Rfe8 19. Rad1 Bf8 20. Rd2 e5 21. Be3 Re6 22. Kg2 Rde8 23. Rdd1 h5 24. h4 Bc2 25. Rc1 Bf5 26. Rcd1 g6 27. dxe5 fxe5 28. Bg5 e4 29. fxe4 Bxe4+ 30. Kf2 a5 31. bxa5 Bxc5+ 32. e3 Bf5 33. Nxd5 cxd5 34. Rxd5 Re5 35. Rxe5 Rxe5 36. Rd1 Bb4 37. Rd8+ Kf7 38. Rd4 Bxa5 39. b4 Bb6 40. Rd6 Rb5 0-1